|
|
|
|
| LEADER |
03536nam a2200625 4500 |
| 001 |
978-3-030-34637-9 |
| 003 |
DE-He213 |
| 005 |
20191110141031.0 |
| 007 |
cr nn 008mamaa |
| 008 |
191109s2019 gw | s |||| 0|eng d |
| 020 |
|
|
|a 9783030346379
|9 978-3-030-34637-9
|
| 024 |
7 |
|
|a 10.1007/978-3-030-34637-9
|2 doi
|
| 040 |
|
|
|d GrThAP
|
| 050 |
|
4 |
|a QA76.9.A25
|
| 072 |
|
7 |
|a UR
|2 bicssc
|
| 072 |
|
7 |
|a COM053000
|2 bisacsh
|
| 072 |
|
7 |
|a UR
|2 thema
|
| 072 |
|
7 |
|a UTN
|2 thema
|
| 082 |
0 |
4 |
|a 005.8
|2 23
|
| 245 |
1 |
0 |
|a Science of Cyber Security
|h [electronic resource] :
|b Second International Conference, SciSec 2019, Nanjing, China, August 9-11, 2019, Revised Selected Papers /
|c edited by Feng Liu, Jia Xu, Shouhuai Xu, Moti Yung.
|
| 250 |
|
|
|a 1st ed. 2019.
|
| 264 |
|
1 |
|a Cham :
|b Springer International Publishing :
|b Imprint: Springer,
|c 2019.
|
| 300 |
|
|
|a XIII, 382 p. 165 illus., 99 illus. in color.
|b online resource.
|
| 336 |
|
|
|a text
|b txt
|2 rdacontent
|
| 337 |
|
|
|a computer
|b c
|2 rdamedia
|
| 338 |
|
|
|a online resource
|b cr
|2 rdacarrier
|
| 347 |
|
|
|a text file
|b PDF
|2 rda
|
| 490 |
1 |
|
|a Security and Cryptology ;
|v 11933
|
| 505 |
0 |
|
|a Artificial Intelligence for Cybersecurity -- Machine Learning for Cybersecurity -- Attack and Defense -- Blockchain, Attack and Defense -- Encryption and Application.
|
| 520 |
|
|
|a This book constitutes the proceedings of the Second International Conference on Science of Cyber Security, SciSec 2019, held in Nanjing, China, in August 2019. The 20 full papers and 8 short papers presented in this volume were carefully reviewed and selected from 62 submissions. These papers cover the following subjects: Artificial Intelligence for Cybersecurity, Machine Learning for Cybersecurity, and Mechanisms for Solving Actual Cybersecurity Problems (e.g., Blockchain, Attack and Defense; Encryptions with Cybersecurity Applications). .
|
| 650 |
|
0 |
|a Computer security.
|
| 650 |
|
0 |
|a Software engineering.
|
| 650 |
|
0 |
|a Computers and civilization.
|
| 650 |
|
0 |
|a Application software.
|
| 650 |
|
0 |
|a Computer communication systems.
|
| 650 |
|
0 |
|a Database management.
|
| 650 |
1 |
4 |
|a Systems and Data Security.
|0 http://scigraph.springernature.com/things/product-market-codes/I28060
|
| 650 |
2 |
4 |
|a Software Engineering.
|0 http://scigraph.springernature.com/things/product-market-codes/I14029
|
| 650 |
2 |
4 |
|a Computers and Society.
|0 http://scigraph.springernature.com/things/product-market-codes/I24040
|
| 650 |
2 |
4 |
|a Computer Appl. in Social and Behavioral Sciences.
|0 http://scigraph.springernature.com/things/product-market-codes/I23028
|
| 650 |
2 |
4 |
|a Computer Communication Networks.
|0 http://scigraph.springernature.com/things/product-market-codes/I13022
|
| 650 |
2 |
4 |
|a Database Management.
|0 http://scigraph.springernature.com/things/product-market-codes/I18024
|
| 700 |
1 |
|
|a Liu, Feng.
|e editor.
|4 edt
|4 http://id.loc.gov/vocabulary/relators/edt
|
| 700 |
1 |
|
|a Xu, Jia.
|e editor.
|4 edt
|4 http://id.loc.gov/vocabulary/relators/edt
|
| 700 |
1 |
|
|a Xu, Shouhuai.
|e editor.
|4 edt
|4 http://id.loc.gov/vocabulary/relators/edt
|
| 700 |
1 |
|
|a Yung, Moti.
|e editor.
|4 edt
|4 http://id.loc.gov/vocabulary/relators/edt
|
| 710 |
2 |
|
|a SpringerLink (Online service)
|
| 773 |
0 |
|
|t Springer eBooks
|
| 776 |
0 |
8 |
|i Printed edition:
|z 9783030346362
|
| 776 |
0 |
8 |
|i Printed edition:
|z 9783030346386
|
| 830 |
|
0 |
|a Security and Cryptology ;
|v 11933
|
| 856 |
4 |
0 |
|u https://doi.org/10.1007/978-3-030-34637-9
|z Full Text via HEAL-Link
|
| 912 |
|
|
|a ZDB-2-SCS
|
| 912 |
|
|
|a ZDB-2-LNC
|
| 950 |
|
|
|a Computer Science (Springer-11645)
|